eBusiness and the City of London office market (Record no. 73397)

MARC details
000 -LEADER
fixed length control field 01937cam a2200277 4500
001 - CONTROL NUMBER
control field ABS67050
008 - FIXED-LENGTH DATA ELEMENTS--GENERAL INFORMATION
fixed length control field 030911n2003 000 0 eng u
035 ## - SYSTEM CONTROL NUMBER
System control number (Sirsi) u123575
100 ## - MAIN ENTRY--PERSONAL NAME
Personal name Dixon, T.
245 ## - TITLE STATEMENT
Title eBusiness and the City of London office market
260 ## - PUBLICATION, DISTRIBUTION, ETC.
Date of publication, distribution, etc. 2003
490 ## - SERIES STATEMENT
Series statement Journal of Property Investment and Finance
Volume/sequential designation 21(4) 2003, 348-365(17)
520 ## - SUMMARY, ETC.
Summary, etc. This paper is based on "The impact of ebusiness on the City of London office market" (ISBN 1899769994) conducted in the spring and summer of 2002 by the College of Estate Management. The aim of the research was to examine how eBusiness was driving process change amongst City office occupiers, and how this might change locational and space requirements in the future. This research shows how important Information and Communications Technology (ICT) is becoming in driving process change for City office occupiers. However, ICT must be considered alongside forces for dispersal (eg transport problems) and agglomeration (eg face to face contact), which are creating a potent mix of factors driving businesses in the City. Changes in office densities, created by ICT and other drivers, have important implications for future office space projections in the City. The research shows that caution should be attached to the current office projections in the City provided in the Mayor's London Plan, and the results also have implications for continued investment in City offices. It is dangerous to over-simplify density changes caused by ICT and other factors. [Taken from journal headnote].
590 ## - LOCAL NOTE (RLIN)
Local note ABS
650 ## - SUBJECT ADDED ENTRY--TOPICAL TERM
Topical term or geographic name entry element E-COMMERCE
650 ## - SUBJECT ADDED ENTRY--TOPICAL TERM
Topical term or geographic name entry element OFFICE BUILDINGS
650 ## - SUBJECT ADDED ENTRY--TOPICAL TERM
Topical term or geographic name entry element SPACE UTILISATION
650 ## - SUBJECT ADDED ENTRY--TOPICAL TERM
Topical term or geographic name entry element CITY OF LONDON
650 ## - SUBJECT ADDED ENTRY--TOPICAL TERM
Topical term or geographic name entry element OFFICE OCCUPIERS
650 ## - SUBJECT ADDED ENTRY--TOPICAL TERM
Topical term or geographic name entry element SURVEYS
690 ## - LOCAL SUBJECT ADDED ENTRY--TOPICAL TERM (OCLC, RLIN)
Topical term or geographic name as entry element PROPERTY-COMMERCIAL PROPERTY-COMMERCIAL PROPERTY MARKET
700 ## - ADDED ENTRY--PERSONAL NAME
Personal name Marston, A.
700 ## - ADDED ENTRY--PERSONAL NAME
Personal name Thompson, B.
700 ## - ADDED ENTRY--PERSONAL NAME
Personal name Elder, B.
942 ## - ADDED ENTRY ELEMENTS (KOHA)
Suppress in OPAC 0
Holdings
Withdrawn status Lost status Source of classification or shelving scheme Damaged status Not for loan Home library Current library Shelving location Date acquired Total Checkouts Full call number Barcode Date last seen Copy number Price effective from Koha item type
    Dewey Decimal Classification     London London Journal article 11/09/2003   ABS67050 123575-1001 06/08/2019 1 06/08/2019 Journal article